[Event "44th Annual World Open"]
[Site "Philadelphia USA"]
[Date "2016.07.04"]
[Round "9"]
[White "Kleiman, Jake"]
[Black "Panchanathan, Magesh Chandran"]
[Result "1-0"]
[WhiteTitle "IM"]
[BlackTitle "GM"]
[WhiteElo "2378"]
[BlackElo "2518"]
[WhiteFideId "2020041"]
[BlackFideId "5007429"]
[EventDate "2016.06.30"]
[EventType "swiss"]

1. e4 e5 2. Nf3 Nc6 3. Bc4 Nf6 4. d3 Be7 5. O-O O-O 6. Re1 d6 7. a4 h6 8. a5 a6
9. Nc3 Bg4 10. h3 Bh5 11. Nd5 Nxd5 12. Bxd5 Nxa5 13. g4 Bg6 14. d4 Nc6 15. Bxc6
bxc6 16. dxe5 Re8 17. Bf4 d5 18. Nd4 dxe4 19. Nxc6 Qc8 20. Qd5 Bf8 21. Bg3 Kh8
22. Re3 Qe6 23. Rd1 a5 24. Nxa5 Ra6 25. Qxe6 Raxe6 26. Rd5 Ra6 27. Nc4 Ra4 28.
b3 Ra1+ 29. Kg2 Ra2 30. c3 c6 31. Ra5 Rxa5 32. Nxa5 Bc5 33. Re1 e3 34. b4 Ba7
35. Nc4 exf2 36. Bxf2 Bxf2 37. Kxf2 Ra8 38. Ke3 Rd8 39. Nd6 f6 40. Kd4 fxe5+ 41.
Kc5 1-0

[Event "44th Annual World Open"]
[Site "Philadelphia USA"]
[Date "2016.07.04"]
[Round "9"]
[White "Arun Prasad, S."]
[Black "Song, Michael"]
[Result "1-0"]
[WhiteTitle "GM"]
[BlackTitle "FM"]
[WhiteElo "2502"]
[BlackElo "2374"]
[WhiteFideId "5011167"]
[BlackFideId "2613190"]
[EventDate "2016.06.30"]
[EventType "swiss"]

1. Nf3 Nf6 2. c4 g6 3. Nc3 Bg7 4. e4 d6 5. d4 O-O 6. Be2 e5 7. O-O Nc6 8. d5 Ne7
9. a4 a5 10. b3 Nd7 11. Ba3 Bh6 12. b4 f5 13. bxa5 Nf6 14. Bd3 fxe4 15. Nxe4
Nxe4 16. Bxe4 Bf5 17. Re1 Qd7 18. Bb4 Bf4 19. Ra3 Rf6 20. Re2 Raf8 21. Rd3 g5
22. c5 Bxe4 23. Rxe4 Qf5 24. Qe2 Ng6 25. g3 g4 26. Ne1 Qh5 27. cxd6 cxd6 28. Bd2
Bxg3 29. hxg3 Rxf2 30. Qxf2 Rxf2 31. Kxf2 Qf5+ 32. Ke3 Qg5+ 33. Ke2 Qf5 34. Rb4
h5 35. Kd1 e4 36. Rdd4 h4 37. gxh4 Ne5 38. Rxe4 g3 39. Re3 Qh5+ 40. Kc1 Qg6 41.
Rbb3 Kf7 42. Rxb7+ Kf6 43. Bc3 Qg4 44. Rb4 1-0

[Event "44th Annual World Open"]
[Site "Philadelphia USA"]
[Date "2016.07.04"]
[Round "9"]
[White "Balakrishnan, Praveen"]
[Black "Ashwin, Jayaram"]
[Result "1/2-1/2"]
[WhiteTitle "FM"]
[BlackTitle "GM"]
[WhiteElo "2363"]
[BlackElo "2460"]
[WhiteFideId "2064871"]
[BlackFideId "5018137"]
[EventDate "2016.06.30"]
[EventType "swiss"]

1. e4 c5 2. Nf3 d6 3. d4 cxd4 4. Nxd4 Nf6 5. Nc3 a6 6. Be2 e6 7. O-O Be7 8. f4
Qc7 9. Be3 O-O 10. Bf3 Nc6 11. Kh1 Re8 12. a4 Rb8 13. g4 Nd7 14. g5 Bf8 15. Bg2
Nxd4 16. Bxd4 b6 17. Qh5 g6 18. Qh4 Bb7 19. Rf3 e5 20. Be3 exf4 21. Qxf4 Re7 22.
Bd4 Ne5 23. Rh3 Bc6 24. Qh4 h5 25. gxh6 Kh7 26. Qf6 Re6 27. Qf2 Rb7 28. b4 b5
29. axb5 axb5 30. Ra8 Qe7 31. Nd5 Bxd5 32. exd5 Ng4 33. Qf3 Re1+ 34. Bf1 f5 35.
Rg3 Rxf1+ 36. Qxf1 Qe4+ 37. Qf3 Qxd4 38. Rxg4 fxg4 39. Qxf8 Qxd5+ 40. Kg1 Qd1+
41. Kg2 Qxc2+ 42. Kg3 Qc3+ 43. Kh4 Qh3+ 44. Kg5 Qh5+ 45. Kf4 Qxh2+ 46. Kxg4 Qh5+
47. Kg3 Qe5+ 48. Kg4 Qd4+ 49. Kf3 Qc3+ 50. Kg2 Rc7 51. Qg8+ Kxh6 52. Qh8+ Kg5
53. Qxc3 Rxc3 54. Rb8 Kf4 55. Rxb5 Rc2+ 56. Kf1 Kf3 57. Ke1 Ke3 58. Kd1 Rd2+ 59.
Kc1 d5 60. Rc5 g5 61. Rc3+ Rd3 62. Rxd3+ Kxd3 63. b5 g4 64. b6 g3 65. b7 g2 66.
b8=Q g1=Q+ 67. Kb2 Qf2+ 68. Ka3 Qc5+ 69. Kb2 Qc3+ 70. Kb1 Qe1+ 71. Kb2 Qd2+ 72.
Kb1 Qe1+ 73. Kb2 Qf2+ 74. Kb1 d4 75. Qb3+ Ke2 76. Qc2+ Ke3 77. Qc1+ Qd2 78. Qg1+
Qf2 79. Qc1+ Kd3 80. Qd1+ Kc3 81. Qc1+ Kb3 82. Qd1+ Kb4 83. Qd3 Qe1+ 84. Kc2 Qa1
85. Qd2+ Kc4 86. Qe2+ Kb4 87. Qe7+ Kb5 1/2-1/2

[Event "44th Annual World Open"]
[Site "Philadelphia USA"]
[Date "2016.07.04"]
[Round "9"]
[White "Bryant, John Daniel"]
[Black "Panchanatham, Vignesh"]
[Result "1/2-1/2"]
[WhiteTitle "IM"]
[BlackTitle "FM"]
[WhiteElo "2439"]
[BlackElo "2352"]
[WhiteFideId "2031280"]
[BlackFideId "2060523"]
[EventDate "2016.06.30"]
[EventType "swiss"]

1. d4 Nf6 2. Nf3 g6 3. g3 Bg7 4. Bg2 O-O 5. O-O d5 6. c3 Nbd7 7. a4 a5 8. Bf4
Nh5 9. Be3 c6 10. Nbd2 f5 11. Ng5 Ndf6 12. f3 f4 13. Bxf4 Nxf4 14. gxf4 Nh5 15.
e3 e5 16. Nh3 exd4 17. cxd4 Bxh3 18. Bxh3 Bxd4 19. exd4 Nxf4 20. Bg2 Qg5 21. Rf2
Nh3+ 22. Kf1 Nxf2 23. Kxf2 Qh4+ 24. Ke3 Rae8+ 25. Kd3 Rf4 26. Qg1 Qe7 27. Ra3 c5
28. dxc5 Qe2+ 29. Kc2 Rb4 30. b3 d4 31. f4 Re3 32. Bd5+ Kg7 33. Ra2 Rc3+ 34. Kb1
Rxc5 35. Be4 Rc3 36. Rb2 b5 37. axb5 a4 38. Qg5 Rxb5 39. Qe7+ Kh6 40. Ka2 Rcxb3
41. Rc2 Rb2+ 42. Rxb2 Rxb2+ 43. Kxb2 Qxd2+ 44. Ka3 Qxf4 45. h4 d3 46. Bxd3 Qg3
47. Qf8+ Kh5 48. Qd8 Kg4 49. Kb2 Qxh4 50. Qd4+ Kg5 51. Qd8+ Kg4 52. Qd4+ Kg5 53.
Qc5+ Kf4 54. Qb4+ Kg5 55. Qe7+ Kg4 56. Be2+ Kh3 57. Bf1+ Kg3 58. Qe1+ Kg4 59.
Qe4+ Kg3 60. Qe3+ Kg4 61. Be2+ Kf5 62. Qc5+ Kf6 63. Qf8+ Ke5 64. Ka3 Qf4 65.
Qc5+ Kf6 66. Bc4 Qc1+ 67. Kxa4 Qa1+ 68. Kb5 Qe5 69. Bd5 Qb8+ 70. Ka6 Kg7 71.
Qe7+ Kh6 72. Qf6 Qc8+ 73. Kb6 Qb8+ 74. Bb7 Qe8 75. Kc7 Qg8 76. Qh4+ Kg7 77. Qd4+
Kh6 78. Qd2+ Kg7 79. Bc6 Qf7+ 80. Bd7 Qf6 81. Qe3 Qh4 82. Qc5 Qf4+ 83. Kb7 Qf3+
84. Bc6 Qb3+ 85. Kc8 Qg8+ 86. Kc7 Qf7+ 87. Kb6 Qb3+ 88. Ka5 Qa2+ 89. Ba4 Qd2+
90. Kb6 Qd8+ 91. Kb7 Qf6 92. Bb3 Qf3+ 93. Bd5 Qf6 94. Qc7+ Kh6 95. Bg8 Qg7 96.
Bf7 Qb2+ 97. Kc8 Qf2 98. Kd8 Qf6+ 99. Ke8 Qh8+ 100. Ke7 Qd4 101. Qh2+ Kg7 102.
Qc7 Qb4+ 103. Kd8 Qh4+ 104. Kc8 Qf6 105. Bb3+ Kh6 106. Qc1+ Kg7 107. Qc4 Qf8+
108. Kd7 Qf5+ 109. Kd6 Qf6+ 110. Kc5 Qe7+ 111. Kd4 Qh4+ 1/2-1/2

[Event "44th Annual World Open"]
[Site "Philadelphia USA"]
[Date "2016.07.04"]
[Round "9"]
[White "Santarius, Erik F"]
[Black "Bora, Safal"]
[Result "1-0"]
[BlackTitle "IM"]
[WhiteElo "2302"]
[BlackElo "2417"]
[WhiteFideId "2025817"]
[BlackFideId "2066149"]
[EventDate "2016.06.30"]
[EventType "swiss"]

1. d4 Nf6 2. c4 g6 3. Nf3 Bg7 4. Nc3 d5 5. Bg5 Ne4 6. Bf4 Nxc3 7. bxc3 dxc4 8.
e3 c5 9. Bxc4 O-O 10. O-O Nc6 11. Rc1 cxd4 12. cxd4 Bf5 13. Qe2 Rc8 14. d5 Na5
15. Bd3 Bxd3 16. Qxd3 Qd7 17. e4 b5 18. Be5 Nc4 19. Bxg7 Kxg7 20. a4 a6 21. axb5
axb5 22. Nd4 Kg8 23. Rb1 Ne5 24. Qxb5 Rc4 25. Qxd7 Nxd7 26. Rfd1 Nc5 27. f3 Na4
28. Rd2 Nc3 29. Re1 Rd8 30. Kf1 e6 31. Nc6 Re8 32. Ne5 Rc5 33. Nd7 1-0

[Event "44th Annual World Open"]
[Site "Philadelphia USA"]
[Date "2016.07.04"]
[Round "9"]
[White "Vibbert, Sean"]
[Black "Taghizadeh, Rayan"]
[Result "1-0"]
[WhiteTitle "FM"]
[BlackTitle "FM"]
[WhiteElo "2350"]
[BlackElo "2192"]
[WhiteFideId "2030292"]
[BlackFideId "2054019"]
[EventDate "2016.06.30"]
[EventType "swiss"]

1. e4 e5 2. Nf3 Nc6 3. Bb5 a6 4. Ba4 Nf6 5. O-O Be7 6. Bxc6 dxc6 7. d3 Nd7 8.
Nbd2 O-O 9. Re1 f6 10. Nf1 Nc5 11. Ng3 g6 12. Bh6 Rf7 13. Qd2 Ne6 14. Rad1 c5
15. Kh1 Bd6 16. c3 Bd7 17. d4 cxd4 18. cxd4 Qe7 19. a3 exd4 20. Nxd4 Nxd4 21.
Qxd4 Bc5 22. Qd2 Ba4 23. Rc1 Bb6 24. f4 Bb5 25. Qc2 Qd7 26. e5 Qd3 27. Qxd3 Bxd3
28. Ne4 Bxe4 29. Rxe4 Re8 30. g3 Rfe7 31. Rce1 c6 32. e6 Rd8 33. R1e2 Rd5 34. g4
f5 35. gxf5 gxf5 36. Rb4 Ba5 37. Rb3 Rd6 38. Rg3+ Kh8 39. Bg5 Rexe6 40. Bf6+ 1-0

[Event "44th Annual World Open"]
[Site "Philadelphia USA"]
[Date "2016.07.04"]
[Round "9"]
[White "Kretchetov, Alexandre"]
[Black "Jacobson, Brandon"]
[Result "1-0"]
[WhiteTitle "FM"]
[BlackTitle "CM"]
[WhiteElo "2246"]
[BlackElo "2200"]
[WhiteFideId "4124588"]
[BlackFideId "30901561"]
[EventDate "2016.06.30"]
[EventType "swiss"]

1. d4 Nf6 2. Bg5 d5 3. e3 c5 4. c3 Nc6 5. Bd3 e5 6. dxe5 Nxe5 7. Bb5+ Bd7 8.
Bxf6 gxf6 9. Be2 Bf5 10. Nf3 Qd7 11. Nh4 O-O-O 12. f4 Be6 13. fxe5 fxe5 14. Na3
Bh6 15. Nc2 f5 16. O-O Rhg8 17. Kh1 Kb8 18. Qe1 Bg5 19. Rd1 Qa4 20. Nd4 cxd4 21.
exd4 e4 22. Nxf5 Qd7 23. Qg3+ Ka8 24. Qe5 Rg6 25. Bh5 Bf6 26. Qf4 Rg5 27. Ne3
Be7 28. Bf7 Rg7 29. Bxe6 Qxe6 30. Qf5 Qg8 31. Rde1 Bg5 32. Ng4 h5 33. Ne5 h4 34.
h3 Be7 35. Ng4 a6 36. Nh6 Qe8 37. Nf7 Rd7 38. Qe6 Rg8 39. Rf5 Bd8 40. Qxe8 Rxe8
41. Ne5 Rg7 42. Ng4 Rg5 43. Rf7 Kb8 44. Kg1 Bc7 45. Kf1 Kc8 46. Ke2 Kd8 47. Ref1
Re7 48. R7f5 Reg7 49. Rxg5 Rxg5 50. Rf7 Kc8 51. Ne3 b5 52. Rf5 Rg6 53. Rxd5 Bf4
54. Ng4 Kc7 55. Rh5 Bg5 56. Rh7+ Kd6 57. Ne5 Rg8 58. Ra7 Bf4 59. Rxa6+ Kd5 60.
Ng4 Bc7 61. Nf6+ 1-0

[Event "44th Annual World Open"]
[Site "Philadelphia USA"]
[Date "2016.07.04"]
[Round "9"]
[White "Atoufi, Pedram"]
[Black "Perez-Billinghurst, Ricardo"]
[Result "1-0"]
[WhiteTitle "FM"]
[WhiteElo "2272"]
[BlackElo "2133"]
[WhiteFideId "12501654"]
[BlackFideId "2026864"]
[EventDate "2016.06.30"]
[EventType "swiss"]

1. e4 c5 2. Nf3 d6 3. d4 cxd4 4. Nxd4 Nf6 5. Nc3 a6 6. h3 g6 7. g4 Bg7 8. Bg2
O-O 9. Be3 e5 10. Nde2 Be6 11. Qd2 Nc6 12. g5 Nh5 13. O-O-O Rc8 14. Kb1 b5 15.
h4 Qa5 16. Nd5 Bxd5 17. Qxa5 Nxa5 18. Rxd5 Rc6 19. b3 Nb7 20. Bf3 Nf4 21. Nxf4
exf4 22. Bxf4 Rfc8 23. Rc1 Rc3 24. Bg4 Re8 25. f3 Bf8 26. Rcd1 Rc5 27. R5d2 a5
28. Rd5 b4 29. Bd7 Rd8 30. Bb5 Rxd5 31. Rxd5 Nc5 32. Bc4 a4 33. Bg3 axb3 34.
cxb3 Ne6 35. Be1 Rb8 36. Bd2 Nc5 37. Be3 Rc8 38. Rd4 Rb8 39. f4 Bg7 40. Rxd6
Nxe4 41. Rd7 Nc3+ 42. Kc2 Nxa2 43. Rxf7 Kh8 44. Ra7 Nc3 45. h5 Ne4 46. h6 Bc3
47. Rd7 Ng3 48. Rd3 Ba1 49. Rd1 Bc3 50. Rd3 Ba1 51. Bb6 Ne2 52. Rd2 Nxf4 53. Bc7
Ra8 54. Bxf4 Ra2+ 55. Kd1 Ra8 56. Bc7 Bd4 57. Bb5 1-0